000
00345pam a2200157a 44500
008
230515b1982 xxu||||| |||| 00| 0 eng d
020
_a
NULL
041
_a
ENGLISH
082
_a
624.068 COX
100
_a
COX VICTOR L
245
_a
INTERNATIONAL CONSTRUCTION
250
_a
1
260
_a
NULL
_b
NA
_c
1982
300
_a
175
650
_a
NULL
999
_c
637688
_d
637688